000 00350nam a2200145Ia 4500
005 20250423101549.0
008 250422s9999 xx 000 0 und d
020 _a9211044103
245 0 _aTransnational corporations from developing coutries
260 _aNew York
260 _bUnited Nations
260 _c1993
300 _a102 p
942 _cBK
999 _c36646
_d36646